LEADER 00990nam0-22003131i-450- 001 990005786120403321 005 20080515095522.0 035 $a000578612 035 $aFED01000578612 035 $a(Aleph)000578612FED01 035 $a000578612 100 $a19990604d1968----km-y0itay50------ba 101 0 $afre 105 $ay-------001yy 200 1 $aEssai sur les origines du lexique technique de la Mystique musulmane$fpar Louis Massignon 205 $aNouvelle Tdition revue et considèrablement augmentèe 210 $aParis$cJ. Vrin$dc1968 215 $a453 p.$d25 cm 225 1 $aÉtudes musulmanes$v2 610 0 $aMistica islamica 676 $a297.4 700 1$aMassignon,$bLouis$f<1883-1962>$0154154 801 0$aIT$bUNINA$gRICA$2UNIMARC 901 $aBK 912 $a990005786120403321 952 $a297.4 MAS 1$bDIP. DIS. ST. 1616$fFLFBC 959 $aFLFBC 996 $aEssai sur les origines du lexique technique de la Mystique musulmane$9568872 997 $aUNINA LEADER 04831nam 2201081 450 001 9910816646903321 005 20211012010328.0 010 $a0-520-95770-9 024 7 $a10.1525/9780520957701 035 $a(CKB)3710000000086416 035 $a(EBL)1618634 035 $a(SSID)ssj0001107908 035 $a(PQKBManifestationID)11717320 035 $a(PQKBTitleCode)TC0001107908 035 $a(PQKBWorkID)11102236 035 $a(PQKB)11756238 035 $a(StDuBDS)EDZ0000229920 035 $a(MiAaPQ)EBC1618634 035 $a(OCoLC)870226359 035 $a(MdBmJHUP)muse32359 035 $a(DE-B1597)520979 035 $a(DE-B1597)9780520957701 035 $a(Au-PeEL)EBL1618634 035 $a(CaPaEBR)ebr10835411 035 $a(CaONFJC)MIL572966 035 $a(dli)HEB32619 035 $a(MiU) MIU01100000000000000000244 035 $a(EXLCZ)993710000000086416 100 $a20140211h20142014 uy 0 101 0 $aeng 135 $aurnn#---|u||u 181 $ctxt 182 $cc 183 $acr 200 10$aArnold Schoenberg's a survivor from Warsaw in postwar Europe /$fJoy H. Calico 210 1$aBerkeley, California :$cUniversity of California Press,$d2014. 210 4$d©2014 215 $a1 online resource (273 p.) 225 1 $aCalifornia Studies in 20th-Century Music 300 $aDescription based upon print version of record. 311 0 $a0-520-28186-1 320 $aIncludes bibliographical references and index. 327 $tFront matter --$tContents --$tAcknowledgments --$tAbbreviations and Acronyms --$tIntroduction --$tWest Germany: Retrenchment versus A Survivor from Warsaw --$tAustria: Homecoming via A Survivor from Warsaw --$tNorway: Performing Remembrance with A Survivor from Warsaw --$tEast Germany: Antifascism and A Survivor from Warsaw --$tPoland: Cultural Diplomacy through A Survivor from Warsaw --$tCzechoslovakia: A Survivor as A Survivor from Warsaw --$tAfterword --$tNotes --$tBibliography --$tIndex 330 $aJoy H. Calico examines the cultural history of postwar Europe through the lens of the performance and reception of Arnold Schoenberg's A Survivor from Warsaw-a short but powerful work, she argues, capable of irritating every exposed nerve in postwar Europe. Schoenberg, a Jewish composer whose oeuvre had been one of the Nazis' prime exemplars of entartete (degenerate) music, immigrated to the United States and became an American citizen. Both admired and reviled as a pioneer of dodecaphony, he wrote this twelve-tone piece about the Holocaust in three languages for an American audience. This book investigates the meanings attached to the work as it circulated through Europe during the early Cold War in a kind of symbolic musical remigration, focusing on six case studies: West Germany, Austria, Norway, East Germany, Poland, and Czechoslovakia. Each case is unique, informed by individual geopolitical concerns, but this analysis also reveals common themes in anxieties about musical modernism, Holocaust memory and culpability, the coexistence of Jews and former Nazis, anti-Semitism, dislocation, and the presence of occupying forces on both sides of the Cold War divide. 410 0$aCalifornia studies in 20th-century music ;$v17. 606 $aMUSIC / Genres & Styles / Classical$2bisacsh 610 $a20th century world history. 610 $aa survivor in warsaw. 610 $aanti semitism. 610 $aarnold schoenberg. 610 $aaustria. 610 $aaustrian composer. 610 $acantata. 610 $achromatic scale. 610 $acold war. 610 $acomposer. 610 $acultural history. 610 $aczechoslovakia. 610 $adeath camps. 610 $adeath. 610 $adegenerate music. 610 $adodecaphony. 610 $aeast germany. 610 $ageopolitical concerns. 610 $ageopolitics. 610 $aholocaust victims. 610 $aholocaust. 610 $ajewish composer. 610 $alens of performance. 610 $amass death. 610 $amemory. 610 $amusic. 610 $amusical modernism. 610 $anazi. 610 $anorway. 610 $apoland. 610 $apostwar europe. 610 $areception studies. 610 $asecond world war. 610 $atwelve tone technique. 610 $awest germany. 610 $aworld history. 615 7$aMUSIC / Genres & Styles / Classical. 676 $a784.2/2 686 $aMUS006000$aHIS010000$aMUS020000$2bisacsh 700 $aCalico$b Joy H.$f1965-$01609578 801 0$bMiAaPQ 801 1$bMiAaPQ 801 2$bMiAaPQ 906 $aBOOK 912 $a9910816646903321 996 $aArnold Schoenberg's a survivor from Warsaw in postwar Europe$93936871 997 $aUNINA LEADER 04003nam 2200853Ia 450 001 9910965867603321 005 20200520144314.0 010 $a9786613589866 010 $a9781280494635 010 $a1280494638 010 $a9781400841844 010 $a1400841844 024 7 $a10.1515/9781400841844 035 $a(CKB)2670000000155936 035 $a(EBL)869206 035 $a(OCoLC)779828964 035 $a(SSID)ssj0000643252 035 $a(PQKBManifestationID)11407398 035 $a(PQKBTitleCode)TC0000643252 035 $a(PQKBWorkID)10668929 035 $a(PQKB)10716331 035 $a(MiAaPQ)EBC869206 035 $a(StDuBDS)EDZ0000406891 035 $a(OCoLC)787846196 035 $a(MdBmJHUP)muse37035 035 $a(DE-B1597)447105 035 $a(OCoLC)979742305 035 $a(DE-B1597)9781400841844 035 $a(dli)HEB32595 035 $a(MiU) MIU01100000000000000000116 035 $a(MiAaPQ)EBC31773074 035 $a(Au-PeEL)EBL31773074 035 $a(Perlego)735458 035 $a(MiU)MIU01100000000000000000116 035 $a(EXLCZ)992670000000155936 100 $a20111205d2012 uy 0 101 0 $aeng 135 $aur|n|---||||| 181 $ctxt 182 $cc 183 $acr 200 14$aThe Young Turks' crime against humanity $ethe Armenian genocide and ethnic cleansing in the Ottoman Empire /$fTaner Akcam 205 $aCourse Book 210 $aPrinceton, NJ $cPrinceton University Press$dc2012 215 $a1 online resource (528 p.) 225 1 $aHuman rights and crimes against humanity 300 $aDescription based upon print version of record. 311 08$a9780691159560 311 08$a0691159564 311 08$a9780691153339 311 08$a0691153337 320 $aIncludes bibliographical references and index. 327 $aOttoman sources and the question of their being purged -- The plan for the homogenization of Anatolia -- The aftermath of the Balkan wars and the "emptying" of eastern Thrace and the Aegean littoral in 1913-14 -- The transformation of Ottoman politics toward the Ottoman Greeks during the First World War -- The initial phase of anti-Armenian policy -- Final steps in the decision-making process -- Interior Ministry documents and the intent to annihilate -- Demographic policy and the annihilation of the Armenians -- Assimilation : the conversion and forced marriage of Christian children -- The question of confiscated Armenian property -- Some official denialist arguments of the Turkish state and documents from the Ottoman Interior Ministry -- Toward a conclusion. 330 $aIntroducing new evidence from more than 600 secret Ottoman documents, this book demonstrates in unprecedented detail that the Armenian Genocide and the expulsion of Greeks from the late Ottoman Empire resulted from an official effort to rid the empire of its Christian subjects. Presenting these previously inaccessible documents along with expert context and analysis, Taner Akc?am's most authoritative work to date goes deep inside the bureaucratic machinery of Ottoman Turkey to show how a dying empire embraced genocide and ethnic cleansing. Although the deportation and killing of Armen 410 0$aHuman rights and crimes against humanity. 517 3 $aArmenian genocide and ethnic cleansing in the Ottoman Empire 606 $aArmenian Genocide, 1915-1923 606 $aArmenian question 606 $aGenocide$zTurkey 606 $aArmenians$zTurkey$xHistory$y20th century 607 $aTurkey$xEthnic relations$xHistory$y20th century 615 0$aArmenian Genocide, 1915-1923. 615 0$aArmenian question. 615 0$aGenocide 615 0$aArmenians$xHistory 676 $a956.6/2023 700 $aAkcam$b Taner$f1953-$0296985 801 0$bMiAaPQ 801 1$bMiAaPQ 801 2$bMiAaPQ 906 $aBOOK 912 $a9910965867603321 996 $aThe Young Turks' crime against humanity$94330411 997 $aUNINA